[Event "7th Capablanca Memorial GM 2019"]
[Site "Anogia"]
[Date "2019.09.18"]
[Round "8.1"]
[White "Moiseenko, Vadim"]
[Black "Mirzoev, Emil"]
[Result "1/2-1/2"]
[WhiteElo "2543"]
[BlackElo "2477"]
[Annotator "ChessBase"]
[PlyCount "32"]
[EventDate "2019.09.11"]
[EventType "tourn"]
[EventCountry "GRE"]
[SourceTitle "playchess.com"]
[Source "ChessBase"]
[SourceQuality "1"]
[TimeControl "40/5400+30:1800+30"]

1. d4 {[%emt 0:02:27]} Nf6 {[%emt 0:04:27]} 2. c4 {[%emt 0:00:04]} g6 {[%emt 0:00:07]} 3. Nc3 {[%emt 0:00:07]} d5 {[%emt 0:00:02]} 4. Qa4+ {[%emt 0:00:26]} Nc6 {[%emt 0:00:53]} 5. Nf3 {[%emt 0:01:23]} Bg7 {[%emt 0:00:14]} 6. Bf4 {[%emt 0:00:29]} O-O {[%emt 0:00:32]} 7. e3 {[%emt 0:00:04]} Bg4 {[%emt 0:00:18]} 8. Ne5 {[%emt 0:00:18]} Bd7 {[%emt 0:00:42]} 9. Nxd7 {[%emt 0:00:16]} Qxd7 {[%emt 0:00:03]} 10. cxd5 {[%emt 0:00:36]} Nxd5 {[%emt 0:00:01]} 11. Nxd5 {[%emt 0:00:05]} Qxd5 {[%emt 0:00:03]} 12. Qb5 {[%emt 0:00:14]} Qxb5 {[%emt 0:00:12]} 13. Bxb5 {[%emt 0:00:11]} e5 {[%emt 0:00:03]} 14. dxe5 {[%emt 0:00:16]} Bxe5 {[%emt 0:00:25]} 15. Bxe5 {[%emt 0:00:31]} Nxe5 {[%emt 0:00:12]} 16. Ke2 {[%emt 0:00:02]} c6 {[%emt 0:00:14]} 1/2-1/2

[Event "7th Capablanca Memorial GM 2019"]
[Site "Anogia"]
[Date "2019.09.18"]
[Round "8.2"]
[White "Audi Ameya"]
[Black "Osmak, Iulija"]
[Result "1/2-1/2"]
[WhiteElo "2329"]
[BlackElo "2408"]
[Annotator "NA"]
[PlyCount "130"]
[EventDate "2019.09.11"]
[EventType "tourn"]
[EventCountry "GRE"]
[SourceTitle "playchess.com"]
[Source "ChessBase"]
[SourceQuality "1"]
[TimeControl "40/5400+30:1800+30"]

1. e4 {[%emt 0:00:00]} e6 {[%emt 0:02:40]} 2. d4 {[%emt 0:00:00]} d5 {[%emt 0:00:11]} 3. Nc3 {[%emt 0:00:00]} Bb4 {[%emt 0:00:09]} 4. e5 {[%emt 0:00:00]} Ne7 {[%emt 0:00:10]} 5. a3 {[%emt 0:00:06]} Bxc3+ {[%emt 0:00:05]} 6. bxc3 {[%emt 0:00:04]} c5 {[%emt 0:00:09]} 7. Qg4 {[%emt 0:00:04]} Kf8 {[%emt 0:00:09]} 8. a4 {[%emt 0:00:36]} Qc7 {[%emt 0:01:40]} 9. Qd1 {[%emt 0:00:14]} b6 {[%emt 0:04:07]} 10. Nf3 {[%emt 0:00:08]} h6 {[%emt 0:01:51]} 11. h4 {[%emt 0:00:35]} Ba6 {[%emt 0:05:55]} 12. Bb5 {[%emt 0:01:17]} cxd4 {[%emt 0:07:54]} 13. cxd4 {[%emt 0:00:10]} Bxb5 {[%emt 0:00:22]} 14. axb5 {[%emt 0:00:03]} Qc4 {[%emt 0:00:37]} 15. Qd3 {[%emt 0:01:11]} Qxd3 {[%emt 0:02:22]} 16. cxd3 {[%emt 0:00:03]} a5 {[%emt 0:05:06]} 17. Ba3 {[%emt 0:00:04]} Ke8 {[%emt 0:06:07]} 18. Kd2 {[%emt 0:01:01]} Kd7 {[%emt 0:04:22]} 19. Rhc1 {[%emt 0:08:02]} Ra7 {[%emt 0:02:29]} 20. Rc3 {[%emt 0:09:32]} Rc8 {[%emt 0:03:45]} 21. Rxc8 {[%emt 0:13:20]} Kxc8 {[%emt 0:04:54]} 22. Bd6 {[%emt 0:07:54]} Rb7 {[%emt 0:00:59]} 23. g4 {[%emt 0:06:39]} Kd8 {[%emt 0:02:30]} 24. h5 {[%emt 0:01:10]} Nd7 {[%emt 0:07:13]} 25. Rg1 {[%emt 0:03:27]} f6 {[%emt 0:11:35]} 26. exf6 {[%emt 0:14:17]} Nxf6 {[%emt 0:02:57]} 27. Be5 {[%emt 0:07:02]} Ne8 {[%emt 0:12:46]} 28. Ne1 {[%emt 0:07:50]} Nc8 {[%emt 0:01:39]} 29. Nc2 {[%emt 0:00:02]} Ncd6 {[%emt 0:01:05]} 30. Na3 {[%emt 0:00:15]} Ke7 {[%emt 0:02:21]} 31. f4 {[%emt 0:00:46]} Nf6 {[%emt 0:01:15]} 32. Rh1 {[%emt 0:06:24]} Nxg4 {[%emt 0:01:10]} 33. Bxg7 {[%emt 0:00:23]} Nf5 {[%emt 0:00:56]} 34. Be5 {[%emt 0:00:29]} Nxe5 {[%emt 0:00:59]} 35. dxe5 {[%emt 0:00:11]} Kd8 {[%emt 0:03:37]} 36. Rc1 {[%emt 0:03:59]} Rc7 {[%emt 0:00:04]} 37. Nc2 {[%emt 0:00:04]} Rc5 {[%emt 0:00:50]} 38. Rg1 {[%emt 0:02:07]} Rxb5 {[%emt 0:00:44]} 39. Rg6 {[%emt 0:00:02]} Ke7 {[%emt 0:01:06]} 40. Ne3 {[%emt 0:00:00]} Nxe3 {[%emt 0:00:00]} 41. Kxe3 {[%emt 0:00:22]} a4 {[%emt 0:05:02]} 42. Rxh6 {[%emt 0:14:27]} a3 {[%emt 0:02:47]} 43. Rh7+ {[%emt 0:00:23]} Kf8 {[%emt 0:02:17]} 44. h6 {[%emt 0:00:09]} Ra5 {[%emt 0:04:47]} 45. Rc7 {[%emt 0:01:41]} Kg8 {[%emt 0:00:33]} 46. Rc1 {[%emt 0:00:11]} Kh7 {[%emt 0:08:36]} 47. f5 {[%emt 0:06:28]} a2 {[%emt 0:01:17]} 48. Ra1 {[%emt 0:00:13]} Kxh6 {[%emt 0:00:46]} 49. f6 {[%emt 0:05:48]} Kg6 {[%emt 0:00:14]} 50. d4 {[%emt 0:00:15]} Ra4 {[%emt 0:06:15]} 51. Kd3 {[%emt 0:00:15]} Kf7 {[%emt 0:00:42]} 52. Kc3 {[%emt 0:00:10]} b5 {[%emt 0:00:30]} 53. Kb3 {[%emt 0:01:47]} Rxd4 {[%emt 0:00:13]} 54. Rxa2 {[%emt 0:00:02]} Rf4 {[%emt 0:01:41]} 55. Rg2 {[%emt 0:05:32]} Rf5 {[%emt 0:00:40]} 56. Re2 {[%emt 0:00:06]} Rf4 {[%emt 0:01:05]} 57. Rg2 {[%emt 0:00:10]} Re4 {[%emt 0:00:38]} 58. Rg5 {[%emt 0:00:16]} b4 {[%emt 0:00:52]} 59. Ka4 {[%emt 0:00:20]} Kf8 {[%emt 0:00:45]} 60. Kb3 {[%emt 0:00:32]} Kf7 {[%emt 0:00:40]} 61. Rg7+ {[%emt 0:01:03]} Kf8 {[%emt 0:00:07]} 62. Rg5 {[%emt 0:00:10]} Rf4 {[%emt 0:00:24]} 63. Ka4 {[%emt 0:01:12]} Re4 {[%emt 0:01:13]} 64. Kb3 {[%emt 0:00:05]} Rf4 {[%emt 0:00:30]} 65. Ka4 {[%emt 0:00:12]} Re4 {[%emt 0:00:28]} 1/2-1/2

[Event "7th Capablanca Memorial GM 2019"]
[Site "Anogia"]
[Date "2019.09.18"]
[Round "8.3"]
[White "Patrelakis, Evaggelos"]
[Black "David, Alberto"]
[Result "1/2-1/2"]
[WhiteElo "2202"]
[BlackElo "2533"]
[Annotator "ChessBase"]
[PlyCount "30"]
[EventDate "2019.09.11"]
[EventType "tourn"]
[EventCountry "GRE"]
[SourceTitle "playchess.com"]
[Source "ChessBase"]
[SourceQuality "1"]
[TimeControl "40/5400+30:1800+30"]

1. e4 {[%emt 0:00:00]} c5 {[%emt 0:01:10]} 2. Nf3 {[%emt 0:00:00]} a6 {[%emt 0:00:31]} 3. c4 {[%emt 0:00:20]} e6 {[%emt 0:01:14]} 4. Nc3 {[%emt 0:01:12]} Qc7 {[%emt 0:00:20]} 5. d4 {[%emt 0:01:53]} cxd4 {[%emt 0:00:05]} 6. Nxd4 {[%emt 0:00:07]} Nf6 {[%emt 0:00:18]} 7. a3 {[%emt 0:00:26]} b6 {[%emt 0:03:04]} 8. Be3 {[%emt 0:01:17]} Bb7 {[%emt 0:02:47]} 9. f3 {[%emt 0:00:10]} d6 {[%emt 0:00:08]} 10. Be2 {[%emt 0:00:10]} Be7 {[%emt 0:00:23]} 11. O-O {[%emt 0:00:10]} O-O {[%emt 0:00:17]} 12. Qd2 {[%emt 0:01:21]} Nbd7 {[%emt 0:00:29]} 13. Rfc1 {[%emt 0:03:02]} Rfc8 {[%emt 0:05:15]} 14. b4 {[%emt 0:04:19]} Qd8 {[%emt 0:01:28]} 15. Nb3 {[%emt 0:02:20]} h6 {[%emt 0:19:44]} 1/2-1/2

[Event "7th Capablanca Memorial GM 2019"]
[Site "Anogia"]
[Date "2019.09.18"]
[Round "8.4"]
[White "Ioannidis, Evgenios"]
[Black "Dushyant Sharma"]
[Result "1/2-1/2"]
[WhiteElo "2390"]
[BlackElo "2242"]
[Annotator "NA"]
[PlyCount "206"]
[EventDate "2019.09.11"]
[EventType "tourn"]
[EventCountry "GRE"]
[SourceTitle "playchess.com"]
[Source "ChessBase"]
[SourceQuality "1"]
[TimeControl "40/5400+30:1800+30"]

1. e4 {[%emt 0:01:01]} e5 {[%emt 0:00:00]} 2. Nf3 {[%emt 0:00:23]} Nc6 {[%emt 0:00:00]} 3. Bc4 {[%emt 0:00:23]} Bc5 {[%emt 0:00:03]} 4. c3 {[%emt 0:00:45]} Nf6 {[%emt 0:00:11]} 5. d3 {[%emt 0:00:41]} O-O {[%emt 0:00:13]} 6. O-O {[%emt 0:00:45]} d5 {[%emt 0:00:08]} 7. exd5 {[%emt 0:00:27]} Nxd5 {[%emt 0:00:05]} 8. a4 {[%emt 0:01:09]} Nb6 {[%emt 0:00:17]} 9. Bb3 {[%emt 0:01:26]} a5 {[%emt 0:14:06]} 10. Re1 {[%emt 0:01:45]} Bg4 {[%emt 0:04:48]} 11. h3 {[%emt 0:01:03]} Bh5 {[%emt 0:00:19]} 12. Nbd2 {[%emt 0:01:54]} Qxd3 {[%emt 0:18:09]} 13. Nxe5 {[%emt 0:00:49]} Qg3 {[%emt 0:25:15]} 14. Qxh5 {[%emt 0:01:03]} Qxf2+ {[%emt 0:01:31]} 15. Kh2 {[%emt 0:00:10]} Bd6 {[%emt 0:09:13]} 16. Ndf3 {[%emt 0:13:14]} Nxe5 {[%emt 0:00:51]} 17. Rxe5 {[%emt 0:00:23]} Nd7 {[%emt 0:01:24]} 18. Bf4 {[%emt 0:12:55]} Nxe5 {[%emt 0:02:58]} 19. Bxe5 {[%emt 0:00:49]} Bxe5+ {[%emt 0:01:06]} 20. Nxe5 {[%emt 0:02:49]} Qf4+ {[%emt 0:01:11]} 21. Kh1 {[%emt 0:00:05]} g6 {[%emt 0:02:28]} 22. Nd3 {[%emt 0:17:05]} Qe3 {[%emt 0:00:15]} 23. Qd1 {[%emt 0:00:28]} Rad8 {[%emt 0:01:22]} 24. Bc4 {[%emt 0:00:04]} Qe4 {[%emt 0:03:39]} 25. b3 {[%emt 0:02:41]} Qf5 {[%emt 0:00:15]} 26. Qf1 {[%emt 0:01:20]} Qxf1+ {[%emt 0:00:20]} 27. Rxf1 {[%emt 0:00:04]} Kh8 {[%emt 0:03:51]} 28. Ne5 {[%emt 0:01:55]} Kg7 {[%emt 0:00:09]} 29. Rxf7+ {[%emt 0:02:12]} Rxf7 {[%emt 0:00:06]} 30. Nxf7 {[%emt 0:00:02]} Rd1+ {[%emt 0:03:41]} 31. Kh2 {[%emt 0:00:04]} Kf6 {[%emt 0:00:43]} 32. h4 {[%emt 0:00:13]} c6 {[%emt 0:01:22]} 33. Ng5 {[%emt 0:01:45]} Rc1 {[%emt 0:01:46]} 34. Ne4+ {[%emt 0:03:40]} Ke7 {[%emt 0:00:20]} 35. Kg3 {[%emt 0:02:14]} Rb1 {[%emt 0:00:20]} 36. Kf4 {[%emt 0:04:02]} h6 {[%emt 0:01:35]} 37. Ke5 {[%emt 0:04:48]} b6 {[%emt 0:00:45]} 38. g3 {[%emt 0:05:05]} Rb2 {[%emt 0:00:51]} 39. Kf4 {[%emt 0:03:12]} Rb1 {[%emt 0:00:51]} 40. Kg4 {[%emt 0:00:00]} Rh1 {[%emt 0:00:00]} 41. Kf3 {[%emt 0:08:39]} Rb1 {[%emt 0:03:29]} 42. Ke3 {[%emt 0:02:31]} b5 {[%emt 0:06:42]} 43. axb5 {[%emt 0:16:28]} cxb5 {[%emt 0:00:07]} 44. Bxb5 {[%emt 0:00:49]} Rxb3 {[%emt 0:00:08]} 45. Ba4 {[%emt 0:00:20]} Ra3 {[%emt 0:00:41]} 46. Bc2 {[%emt 0:00:05]} a4 {[%emt 0:04:02]} 47. Kd2 {[%emt 0:13:18]} Ra1 {[%emt 0:01:34]} 48. Nc5 {[%emt 0:00:10]} a3 {[%emt 0:00:35]} 49. Nb3 {[%emt 0:03:17]} Rg1 {[%emt 0:00:53]} 50. Bxg6 {[%emt 0:00:07]} a2 {[%emt 0:01:14]} 51. Kc2 {[%emt 0:00:23]} Rb1 {[%emt 0:00:39]} 52. Na1 {[%emt 0:00:04]} Rxa1 {[%emt 0:00:09]} 53. Kb2 {[%emt 0:00:03]} Rg1 {[%emt 0:00:22]} 54. Kxa2 {[%emt 0:00:04]} Rxg3 {[%emt 0:00:03]} 55. h5 {[%emt 0:00:04]} Rxc3 {[%emt 0:00:05]} 56. Kb2 {[%emt 0:00:05]} Rc5 {[%emt 0:00:27]} 57. Kb3 {[%emt 0:00:27]} Rc6 {[%emt 0:06:04]} 58. Be4 {[%emt 0:00:44]} Re6 {[%emt 0:01:17]} 59. Bf5 {[%emt 0:01:06]} Rc6 {[%emt 0:01:11]} 60. Be4 {[%emt 0:00:04]} Rc7 {[%emt 0:00:54]} 61. Kb4 {[%emt 0:01:03]} Kd6 {[%emt 0:00:56]} 62. Bg6 {[%emt 0:01:19]} Kd5 {[%emt 0:00:08]} 63. Be8 {[%emt 0:00:40]} Rc5 {[%emt 0:00:59]} 64. Bf7+ {[%emt 0:02:05]} Kd4 {[%emt 0:00:09]} 65. Bg6 {[%emt 0:00:04]} Re5 {[%emt 0:02:23]} 66. Kb3 {[%emt 0:00:11]} Ra5 {[%emt 0:00:48]} 67. Kc2 {[%emt 0:00:08]} Ra2+ {[%emt 0:00:06]} 68. Kd1 {[%emt 0:00:23]} Ke3 {[%emt 0:00:06]} 69. Bf7 {[%emt 0:00:32]} Rd2+ {[%emt 0:00:43]} 70. Ke1 {[%emt 0:00:40]} Rf2 {[%emt 0:00:52]} 71. Bg6 {[%emt 0:00:20]} Ra2 {[%emt 0:00:04]} 72. Kf1 {[%emt 0:00:10]} Re2 {[%emt 0:00:49]} 73. Be8 {[%emt 0:00:24]} Rf2+ {[%emt 0:00:33]} 74. Kg1 {[%emt 0:00:05]} Kf3 {[%emt 0:00:43]} 75. Bf7 {[%emt 0:00:21]} Kg3 {[%emt 0:00:05]} 76. Bg6 {[%emt 0:00:25]} Rf8 {[%emt 0:02:12]} 77. Bh7 {[%emt 0:00:04]} Rf6 {[%emt 0:00:12]} 78. Bg6 {[%emt 0:00:06]} Rf2 {[%emt 0:00:10]} 79. Bh7 {[%emt 0:00:08]} Rg2+ {[%emt 0:00:16]} 80. Kf1 {[%emt 0:00:04]} Rf2+ {[%emt 0:00:54]} 81. Kg1 {[%emt 0:00:04]} Rf6 {[%emt 0:00:20]} 82. Bg6 {[%emt 0:00:10]} Rf4 {[%emt 0:00:04]} 83. Bh7 {[%emt 0:00:06]} Kf3 {[%emt 0:00:04]} 84. Bg6 {[%emt 0:00:32]} Ke2 {[%emt 0:01:36]} 85. Kg2 {[%emt 0:00:06]} Rg4+ {[%emt 0:00:08]} 86. Kh3 {[%emt 0:00:03]} Kf3 {[%emt 0:00:55]} 87. Bf7 {[%emt 0:00:04]} Rg3+ {[%emt 0:00:28]} 88. Kh4 {[%emt 0:00:24]} Rg1 {[%emt 0:01:29]} 89. Bd5+ {[%emt 0:00:03]} Kf4 {[%emt 0:00:15]} 90. Bc6 {[%emt 0:01:46]} Rg4+ {[%emt 0:01:09]} 91. Kh3 {[%emt 0:00:05]} Rg3+ {[%emt 0:00:03]} 92. Kh4 {[%emt 0:00:28]} Rc3 {[%emt 0:00:20]} 93. Be8 {[%emt 0:00:19]} Rc8 {[%emt 0:00:59]} 94. Bf7 {[%emt 0:00:15]} Rc7 {[%emt 0:00:54]} 95. Be8 {[%emt 0:00:17]} Re7 {[%emt 0:00:08]} 96. Bg6 {[%emt 0:00:06]} Kf3 {[%emt 0:00:29]} 97. Kh3 {[%emt 0:00:11]} Re1 {[%emt 0:00:27]} 98. Kh2 {[%emt 0:00:05]} Rc1 {[%emt 0:00:13]} 99. Bf7 {[%emt 0:00:13]} Kg4 {[%emt 0:00:14]} 100. Kg2 {[%emt 0:00:48]} Rc2+ {[%emt 0:00:09]} 101. Kf1 {[%emt 0:00:17]} Kf3 {[%emt 0:00:30]} 102. Ke1 {[%emt 0:00:06]} Re2+ {[%emt 0:00:11]} 103. Kd1 {[%emt 0:00:03]} Re5 {[%emt 0:00:13]} 1/2-1/2

[Event "7th Capablanca Memorial GM 2019"]
[Site "Anogia"]
[Date "2019.09.18"]
[Round "8.5"]
[White "Anagnostopoulos, Konstantinos"]
[Black "Manish Anto Cristiano F"]
[Result "1-0"]
[WhiteElo "2322"]
[BlackElo "2364"]
[Annotator "NA"]
[PlyCount "59"]
[EventDate "2019.09.11"]
[EventType "tourn"]
[EventCountry "GRE"]
[SourceTitle "playchess.com"]
[Source "ChessBase"]
[SourceQuality "1"]
[TimeControl "40/5400+30:1800+30"]

1. c4 {[%emt 0:00:00]} c5 {[%emt 0:00:00]} 2. Nf3 {[%emt 0:00:00]} Nc6 {[%emt 0:00:05]} 3. Nc3 {[%emt 0:00:36]} e5 {[%emt 0:00:50]} 4. e3 {[%emt 0:00:55]} Nf6 {[%emt 0:00:12]} 5. d4 {[%emt 0:01:12]} cxd4 {[%emt 0:00:40]} 6. exd4 {[%emt 0:00:19]} e4 {[%emt 0:00:34]} 7. Ne5 {[%emt 0:03:00]} Be7 {[%emt 0:01:50]} 8. Be2 {[%emt 0:01:37]} O-O {[%emt 0:01:39]} 9. O-O {[%emt 0:00:40]} d6 {[%emt 0:03:45]} 10. Nxc6 {[%emt 0:00:08]} bxc6 {[%emt 0:00:12]} 11. f3 {[%emt 0:06:44]} d5 {[%emt 0:02:14]} 12. c5 {[%emt 0:00:20]} exf3 {[%emt 0:02:48]} 13. Bxf3 {[%emt 0:00:14]} a5 {[%emt 0:01:57]} 14. a3 {[%emt 0:01:43]} Bf5 {[%emt 0:04:05]} 15. Bxd5 {[%emt 0:08:57]} Bg4 {[%emt 0:10:39]} 16. Bf3 {[%emt 0:01:10]} Bxf3 {[%emt 0:00:21]} 17. Rxf3 {[%emt 0:01:06]} Ra7 {[%emt 0:01:53]} 18. Qa4 {[%emt 0:10:34]} Qd7 {[%emt 0:07:04]} 19. Qc4 {[%emt 0:08:42]} Rb7 {[%emt 0:05:26]} 20. b4 {[%emt 0:02:51]} Rd8 {[%emt 0:02:38]} 21. Be3 {[%emt 0:00:22]} axb4 {[%emt 0:07:00]} 22. axb4 {[%emt 0:00:05]} Rdb8 {[%emt 0:07:47]} 23. Rb1 {[%emt 0:04:58]} Bd8 {[%emt 0:02:55]} 24. Bf4 {[%emt 0:04:43]} Ra8 {[%emt 0:04:01]} 25. Be5 {[%emt 0:02:50]} Ra3 {[%emt 0:05:12]} 26. b5 {[%emt 0:05:33]} cxb5 {[%emt 0:01:59]} 27. c6 {[%emt 0:02:56]} bxc4 {[%emt 0:08:12]} 28. cxb7 {[%emt 0:00:14]} Ne8 {[%emt 0:08:06]} 29. b8=Q {[%emt 0:00:16]} f6 {[%emt 0:00:13]} 30. Qb4 {[%emt 0:00:59]} 1-0

[Event "7th Capablanca Memorial GM 2019"]
[Site "Anogia"]
[Date "2019.09.19"]
[Round "9.1"]
[White "Manish Anto Cristiano F"]
[Black "Moiseenko, Vadim"]
[Result "0-1"]
[WhiteElo "2364"]
[BlackElo "2543"]
[Annotator "TA"]
[PlyCount "88"]
[EventDate "2019.09.11"]
[EventType "tourn"]
[EventCountry "GRE"]
[SourceTitle "playchess.com"]
[Source "ChessBase"]
[SourceQuality "1"]

{[%evp 10,88,20,29,32,18,29,35,47,35,47,8,24,21,22,-10,0,0,0,0,0,-21,-8,-9,-13,-29,-13,-19,-33,-34,-22,-31,-14,-54,-27,-38,-31,-27,-25,-36,-30,-37,-31,-45,-39,-80,0,-55,-37,-95,-64,-66,-63,-64,-69,-70,-56,-65,-58,-66,-68,-70,-62,-81,-84,-121,-126,-117,-64,-107,-55,-270,-266,-265,-239,-346,-339,-465,-456,-1433,-1422]} 1. e4 c6 2. d4 d5 3. exd5 cxd5 4. Bd3 Nc6 5. c3 Qc7 6. h3 e6 {B13: Caro-Kann: Exchange Variation and Panov-Botvinnik Attack} (6... g6 7. Qc2 f6 8. Ne2 e5 9. O-O Nge7 10. dxe5 fxe5 11. c4 e4 12. Bxe4 dxe4 13. Nbc3 Bg7 14. Nd5 Qd6 {0-1 (29) Aronian,L (2767)-Howell,D (2685) Caleta 2019}) 7. Nf3 Bd6 8. O-O Nge7 {White is slightly better.} 9. Re1 Bd7 10. a4 a6 $146 ({Predecessor:} 10... f6 11. c4 Kf7 12. Nc3 a6 13. b3 Bb4 14. Bb2 {0-1 (40) Saveliev,A (2372)-Askerov,M (2318) St Petersburg 2019}) 11. Nbd2 f6 12. c4 Nb4 13. Bf1 O-O $36 {[%mdl 2048] Black is pushing.} 14. b3 b6 15. Bb2 Nec6 16. Rc1 Rae8 {[%cal Ba8e8,Be8e7,Be7c7][%mdl 32]} 17. Ba3 Na2 18. Bxd6 Qxd6 19. Ra1 Nab4 $1 20. Qc1 Re7 21. Qb2 Be8 22. Rad1 Bh5 23. Be2 Rd8 24. cxd5 exd5 25. Bf1 Rc7 26. Rc1 Rdc8 27. Qa3 Qf4 (27... Qd7 $17) 28. Qb2 ({Better is} 28. g3 $11 Qh6 29. Rxc6 Nxc6 30. Qd6) 28... g5 29. Kh1 (29. Re6 $15) 29... Bg6 30. Re3 h5 31. g3 Qd6 32. Rec3 Ne7 33. Rxc7 Rxc7 34. Rxc7 Qxc7 35. Ne1 a5 36. Kg2 Kf7 37. Bb5 Qc8 38. Kh2 Qf5 (38... Qe6 $17 39. Qa1 Bf5) 39. Nf1 h4 ({Black should try} 39... Qb1 $17 40. Qc3 Na2) 40. g4 $2 {[#]} (40. gxh4 $15 Qf4+ 41. Kg1) 40... Qf4+ $1 $19 41. Kg1 Nec6 42. Bxc6 (42. Qe2 {is a better defense.}) 42... Nxc6 43. Ne3 Nxd4 44. Nxd5 {[#]} (44. Kf1 $142 Qe4 45. N3g2) 44... Qe5 $1 {[%mdl 576] Double Attack. Accuracy: White = 34%, Black = 61%.} 0-1

[Event "7th Capablanca Memorial GM 2019"]
[Site "Anogia"]
[Date "2019.09.19"]
[Round "9.2"]
[White "Dushyant Sharma"]
[Black "Anagnostopoulos, Konstantinos"]
[Result "1/2-1/2"]
[WhiteElo "2242"]
[BlackElo "2322"]
[Annotator "ChessBase"]
[PlyCount "32"]
[EventDate "2019.09.11"]
[EventType "tourn"]
[EventCountry "GRE"]
[SourceTitle "playchess.com"]
[Source "ChessBase"]
[SourceQuality "1"]
[TimeControl "40/5400+30:1800+30"]

1. e4 {[%emt 0:00:00]} e5 {[%emt 0:00:11]} 2. Nf3 {[%emt 0:00:00]} Nc6 {[%emt 0:00:00]} 3. Nc3 {[%emt 0:00:39]} Nf6 {[%emt 0:00:00]} 4. Bb5 {[%emt 0:00:08]} Bb4 {[%emt 0:00:00]} 5. O-O {[%emt 0:00:34]} O-O {[%emt 0:00:13]} 6. d3 {[%emt 0:00:13]} Bxc3 {[%emt 0:00:16]} 7. bxc3 {[%emt 0:00:06]} d6 {[%emt 0:00:20]} 8. Bg5 {[%emt 0:01:54]} Qe7 {[%emt 0:00:31]} 9. Re1 {[%emt 0:00:45]} a6 {[%emt 0:00:17]} 10. Bc4 {[%emt 0:00:13]} h6 {[%emt 0:01:55]} 11. Bh4 {[%emt 0:00:08]} Be6 {[%emt 0:05:33]} 12. Bb3 {[%emt 0:11:23]} Na5 {[%emt 0:16:54]} 13. d4 {[%emt 0:15:06]} Bg4 {[%emt 0:07:55]} 14. Qd2 {[%emt 0:13:44]} Bxf3 {[%emt 0:09:51]} 15. gxf3 {[%emt 0:00:06]} Nxb3 {[%emt 0:01:31]} 16. cxb3 {[%emt 0:01:33]} Qe6 {[%emt 0:00:20]} 1/2-1/2

[Event "7th Capablanca Memorial GM 2019"]
[Site "Anogia"]
[Date "2019.09.19"]
[Round "9.3"]
[White "David, Alberto"]
[Black "Ioannidis, Evgenios"]
[Result "1/2-1/2"]
[WhiteElo "2533"]
[BlackElo "2390"]
[Annotator "ChessBase"]
[PlyCount "38"]
[EventDate "2019.09.11"]
[EventType "tourn"]
[EventCountry "GRE"]
[SourceTitle "playchess.com"]
[Source "ChessBase"]
[SourceQuality "1"]
[TimeControl "40/5400+30:1800+30"]

1. c4 {[%emt 0:00:00]} e6 {[%emt 0:00:00]} 2. g3 {[%emt 0:02:48]} Nf6 {[%emt 0:00:30]} 3. Bg2 {[%emt 0:00:16]} d5 {[%emt 0:00:10]} 4. Nf3 {[%emt 0:00:23]} Be7 {[%emt 0:00:36]} 5. O-O {[%emt 0:06:23]} O-O {[%emt 0:00:25]} 6. b3 {[%emt 0:01:27]} c5 {[%emt 0:00:38]} 7. e3 {[%emt 0:00:07]} Nc6 {[%emt 0:00:29]} 8. Bb2 {[%emt 0:00:41]} b6 {[%emt 0:00:24]} 9. Qe2 {[%emt 0:02:28]} Ba6 {[%emt 0:01:09]} 10. d3 {[%emt 0:03:55]} Rc8 {[%emt 0:05:31]} 11. Rd1 {[%emt 0:20:26]} Qc7 {[%emt 0:00:25]} 12. Nc3 {[%emt 0:00:04]} Rfd8 {[%emt 0:00:15]} 13. Rac1 {[%emt 0:00:08]} Qb8 {[%emt 0:00:23]} 14. Nb5 {[%emt 0:00:29]} Bb7 {[%emt 0:00:16]} 15. Ba1 {[%emt 0:12:15]} h6 {[%emt 0:07:41]} 16. Bb2 {[%emt 0:03:20]} Ba6 {[%emt 0:03:35]} 17. Bh3 {[%emt 0:03:25]} Bb7 {[%emt 0:01:29]} 18. Bg2 {[%emt 0:06:48]} Ba6 {[%emt 0:00:25]} 19. Bh3 {[%emt 0:02:49]} Bb7 {[%emt 0:00:06]} 1/2-1/2

[Event "7th Capablanca Memorial GM 2019"]
[Site "Anogia"]
[Date "2019.09.19"]
[Round "9.4"]
[White "Osmak, Iulija"]
[Black "Patrelakis, Evaggelos"]
[Result "0-1"]
[WhiteElo "2408"]
[BlackElo "2202"]
[Annotator "ChessBase"]
[PlyCount "56"]
[EventDate "2019.09.11"]
[EventType "tourn"]
[EventCountry "GRE"]
[SourceTitle "playchess.com"]
[Source "ChessBase"]
[SourceQuality "1"]
[TimeControl "40/5400+30:1800+30"]

1. e4 {[%emt 0:00:00]} c5 {[%emt 0:00:00]} 2. Nf3 {[%emt 0:00:00]} d6 {[%emt 0:00:00]} 3. d4 {[%emt 0:00:00]} cxd4 {[%emt 0:00:00]} 4. Nxd4 {[%emt 0:00:00]} Nf6 {[%emt 0:00:03]} 5. Nc3 {[%emt 0:00:00]} e6 {[%emt 0:00:12]} 6. g4 {[%emt 0:01:19]} e5 {[%emt 0:00:20]} 7. Nf5 {[%emt 0:00:58]} h5 {[%emt 0:00:22]} 8. g5 {[%emt 0:08:10]} Nxe4 {[%emt 0:00:38]} 9. Nxg7+ {[%emt 0:01:35]} Bxg7 {[%emt 0:00:21]} 10. Nxe4 {[%emt 0:00:03]} d5 {[%emt 0:00:18]} 11. Nc3 {[%emt 0:06:11]} Be6 {[%emt 0:04:11]} 12. Bg2 {[%emt 0:01:20]} e4 {[%emt 0:01:15]} 13. Bf4 {[%emt 0:12:40]} Nc6 {[%emt 0:12:47]} 14. Qd2 {[%emt 0:09:58]} O-O {[%emt 0:06:31]} 15. O-O {[%emt 0:01:24]} Nd4 {[%emt 0:07:27]} 16. Ne2 {[%emt 0:08:15]} Nf3+ {[%emt 0:01:40]} 17. Bxf3 {[%emt 0:00:06]} exf3 {[%emt 0:00:04]} 18. Nd4 {[%emt 0:04:00]} Bh3 {[%emt 0:02:05]} 19. Rfd1 {[%emt 0:00:11]} Qd7 {[%emt 0:17:58]} 20. Bg3 {[%emt 0:00:16]} h4 {[%emt 0:00:37]} 21. Bxh4 {[%emt 0:00:28]} Rae8 {[%emt 0:00:56]} 22. Bg3 {[%emt 0:02:15]} Qg4 {[%emt 0:01:39]} 23. Qd3 {[%emt 0:11:54]} Bxd4 {[%emt 0:00:26]} 24. Qxd4 {[%emt 0:00:32]} Re1+ {[%emt 0:00:14]} 25. Rxe1 {[%emt 0:00:04]} Qxd4 {[%emt 0:00:14]} 26. c3 {[%emt 0:01:05]} Qg4 {[%emt 0:01:07]} 27. Rad1 {[%emt 0:00:09]} Bf1 {[%emt 0:00:37]} 28. Rxf1 {[%emt 0:01:41]} Qh3 {[%emt 0:00:13]} 0-1